| 000 | 00721nam a2200217 i 4500 | ||
|---|---|---|---|
| 001 | 55645 | ||
| 003 | ES-MaACL | ||
| 005 | 20240117121759.0 | ||
| 007 | t| | ||
| 008 | 030924s1909 fr ||||1| fre d | ||
| 100 | 1 |
_aDesriot, A. _943933 |
|
| 245 | 1 | 0 |
_aLes céréales / _cpar A. Desriot ; publié sous le pationage de Adolphe Carnot et Ed. Mamelle ; et sous la direction de M. E. Chancrin. |
| 260 |
_aParis : _b[s.n.], _c1909 ( _fLahure) |
||
| 300 |
_aXII, 184 p. ; _c18 cm. |
||
| 500 | _aEncyclopédie des connoissances agricoles. | ||
| 700 | 1 |
_aCarnot, Adolphe. _935384 |
|
| 700 | 1 |
_aMamelle, Ed. _975896 |
|
| 700 | 0 |
_aChancrin, Ernest, _d1867-1948 _937945 |
|
| 852 |
_aES-MaACL _jF-9273 |
||
| 999 |
_c55645 _d55645 |
||